Neural networks for RF and microwave design (Include CD) / (Record no. 178583)
[ view plain ]
| 000 -LEADER | |
|---|---|
| fixed length control field | 01277 a2200253 4500 |
| 003 - CONTROL NUMBER IDENTIFIER | |
| control field | Nust |
| 005 - DATE AND TIME OF LATEST TRANSACTION | |
| control field | 20230830084044.0 |
| 010 ## - LIBRARY OF CONGRESS CONTROL NUMBER | |
| LC control number | 00030612 |
| 020 ## - INTERNATIONAL STANDARD BOOK NUMBER | |
| Terms of availability | 1580531008 (alk. paper) |
| 040 ## - CATALOGING SOURCE | |
| Transcribing agency | Nust |
| 082 00 - DEWEY DECIMAL CLASSIFICATION NUMBER | |
| Classification number | 621.38132,ZHA |
| 100 1# - MAIN ENTRY--PERSONAL NAME | |
| Personal name | Zhang, Q. J. |
| 9 (RLIN) | 96948 |
| 245 10 - TITLE STATEMENT | |
| Title | Neural networks for RF and microwave design (Include CD) / |
| Statement of responsibility, etc. | Q. J. Zhang, K. C. Gupta. |
| 260 ## - PUBLICATION, DISTRIBUTION, ETC. | |
| Place of publication, distribution, etc. | Boston : |
| Name of publisher, distributor, etc. | Artech House, |
| Date of publication, distribution, etc. | c2000. |
| 300 ## - PHYSICAL DESCRIPTION | |
| Extent | xvii, 369 p. : |
| Other physical details | ill. ; |
| Dimensions | 23 cm. + |
| Accompanying material | 1 computer optical disc (4 3/4 in.) |
| 440 #0 - SERIES STATEMENT/ADDED ENTRY--TITLE | |
| Title | Artech House microwave library |
| 9 (RLIN) | 28737 |
| 505 ## - FORMATTED CONTENTS NOTE | |
| Formatted contents note | Introduction and Overview.(Page-1), Modeling and Optimization for Design (Page-11), Neural Network Structures (Page-61), Training of Neural Networks (Page-105), Models for RF/Microwave Components (Page-155), Modeling of High speed IC Interconnects (Page-195), Active Device Modeling Using Neural Network (Page-227), Design Analysis and Optimization (Page-249), Knowledge-Based ANN Models (Page-283), Concluding Remarks and Emerging Trends (Page-337), |
| 650 #0 - SUBJECT ADDED ENTRY--TOPICAL TERM | |
| Topical term or geographic name entry element | Neural networks (Computer science) |
| 9 (RLIN) | 18586 |
| 650 #0 - SUBJECT ADDED ENTRY--TOPICAL TERM | |
| Topical term or geographic name entry element | Radio circuits |
| General subdivision | Computer-aided design. |
| 9 (RLIN) | 96949 |
| 650 #0 - SUBJECT ADDED ENTRY--TOPICAL TERM | |
| Topical term or geographic name entry element | Telecommunication Engineering |
| 651 ## - SUBJECT ADDED ENTRY--GEOGRAPHIC NAME | |
| Geographic name | (Include CD) |
| 9 (RLIN) | 8953 |
| 700 1# - ADDED ENTRY--PERSONAL NAME | |
| Personal name | Gupta, K. C. |
| 9 (RLIN) | 71064 |
| 942 ## - ADDED ENTRY ELEMENTS (KOHA) | |
| Koha item type | Reference |
| Source of classification or shelving scheme | |
| Withdrawn status | Lost status | Source of classification or shelving scheme | Damaged status | Not for loan | Permanent Location | Current Location | Shelving location | Date acquired | Full call number | Barcode | Date last seen | Price effective from | Koha item type | Public note |
|---|---|---|---|---|---|---|---|---|---|---|---|---|---|---|
| Military College of Signals (MCS) | Military College of Signals (MCS) | Reference | 12/12/2016 | 621.38132,ZHA | MCS28318 | 12/08/2016 | 12/12/2016 | Reference | Almirah No.21, Shelf No.3 |
